|
|
|
|
| LEADER |
00000nas a2200000 i 4500 |
| 001 |
ssj0001999617 |
| 003 |
WaSeSS |
| 005 |
20200512172242.0 |
| 006 |
m d |
| 007 |
cr n |
| 008 |
170403c20179999enkfr p s | a0eng |
| 010 |
|
|
|a 2017200252
|
| 022 |
|
|
|a 2572-5084
|
| 035 |
|
|
|a (WaSeSS)ssj0001999617
|
| 037 |
|
|
|b Taylor & Francis, 4 Park Square, Milton Park, Abingdon, Oxfordshire, OX14 4RN UK
|
| 040 |
|
|
|a DLC
|b eng
|c DLC
|d WIC
|d VT2
|d OCLCF
|d STF
|d Z5A
|d OCL
|d DLC
|d WaSeSS
|
| 042 |
|
|
|a msc
|a nsdp
|
| 050 |
0 |
0 |
|a HE561
|
| 082 |
1 |
0 |
|a 387.5
|2 23
|
| 210 |
0 |
|
|a J. int. marit. saf. environ. aff. shipp.
|
| 222 |
|
0 |
|a Journal of international maritime safety, environmental affairs, and shipping
|
| 245 |
0 |
0 |
|a Journal of international maritime safety, environmental affairs, and shipping
|h [electronic resource].
|
| 246 |
1 |
|
|a SEAS
|
| 260 |
|
|
|a Abingdon, U.K. :
|b Taylor & Francis,
|c 2017-
|
| 310 |
|
|
|a Semiannual
|
| 362 |
1 |
|
|a Began with: Volume 1, issue 1 (2017)
|
| 500 |
|
|
|a Produced by the Korea Institute of Ocean Science and Technology (KIOST) and the Korean Society of Marine Environment and Safety (KOSOMES), with the financial support from Ministry of Oceans and Fisheries of the Republic of Korea (MOF).
|
| 506 |
|
|
|a License restrictions may limit access.
|
| 588 |
|
|
|a Description based on: Volume 1, issue 1 (2017); title from banner (tandfonline.com viewed Sept. 13, 2019).
|
| 588 |
|
|
|a Latest issue consulted: Volume 3 issue 1/2 (2019)(tandfonline.com viewed Sept. 13, 2019).
|
| 650 |
|
0 |
|a Shipping
|v Periodicals.
|
| 650 |
|
0 |
|a Shipping
|x Safety measures
|v Periodicals.
|
| 650 |
|
0 |
|a Shipping
|x Environmental aspects
|v Periodicals.
|
| 650 |
|
7 |
|a Shipping
|x Safety measures.
|2 fast
|0 (OCoLC)fst01116411
|
| 650 |
|
7 |
|a Shipping
|x Environmental aspects.
|2 fast
|0 (OCoLC)fst01116379
|
| 650 |
|
7 |
|a Shipping.
|2 fast
|0 (OCoLC)fst01116352
|
| 655 |
|
0 |
|a Electronic journals.
|
| 710 |
2 |
|
|a Korean Society of Marine Environment and Safety.
|
| 710 |
2 |
|
|a Han'guk Haeyang Kwahak Kisurwŏn.
|
| 710 |
2 |
|
|a Korean Society of Marine Environment and Safety.
|
| 856 |
4 |
0 |
|z Full text available from Research Library: 01/01/2018 to 12/31/2018
|u https://search.proquest.com/publication/3933132
|
| 856 |
4 |
0 |
|z Full text available from Research Library: 01/01/2020 to present
|u https://search.proquest.com/publication/3933132
|